|
|
|
|
| LEADER |
00000nam a2200000 a 4500 |
| 001 |
UCH1308 |
| 003 |
CL-VaPUC |
| 005 |
20250108095248.0 |
| 008 |
090420e19700000us |||||||||||||||||eng|d |
| 999 |
|
|
|c 333359
|d 333357
|
| 020 |
|
|
|a 0262580160
|
| 040 |
|
|
|c Pontificia Universidad Católica de Valparaíso
|
| 082 |
0 |
4 |
|a 149.9
|b HAY
|2 21
|
| 100 |
0 |
|
|a Hayes, E. Nelson
|e author
|9 535729
|
| 245 |
1 |
0 |
|a Claude Lévi-Strauss: The anthropologist as hero
|
| 260 |
|
|
|a Cambridge
|b MIT Press
|c 1970
|
| 300 |
|
|
|a 264 p
|
| 583 |
|
|
|a last modification
|c 20171123 02:55:00
|k Rodrigo Vera
|
| 600 |
|
|
|a Lévi-Strauss, Claude
|d 1908-2009
|9 860625
|
| 650 |
|
0 |
|a Antropología estructural y social
|9 535731
|
| 650 |
|
0 |
|a Estructuralismo
|9 265696
|
| 650 |
|
0 |
|a Epistemología
|9 264994
|
| 650 |
|
7 |
|a HISTORIA SOCIAL ANTROPOLOGICA
|2 CL-VaPUC
|9 535732
|
| 700 |
0 |
|
|a Hayes, Tanya
|e author
|9 535730
|
| 942 |
|
|
|c BK
|2 ddc
|
| 945 |
|
|
|d 20090420 00:00:00
|a dcastane
|
| 952 |
|
|
|0 0
|1 0
|4 0
|6 149_900000000000000_HAY_1970
|7 0
|8 P
|9 421708
|a BIBEDU
|b BIBEDU
|c BIBEDU_PB
|d 2019-11-22
|i 4518446
|o 149.9 HAY 1970
|p 4518446
|r 2024-01-25
|w 2019-11-22
|y BK
|k FIL
|